00960nam a22002057a 4500003000900000008004100009040007100050082002400121110003500145245003600180260008300216300004500299440007000344505021300414650001400627650002700641650002200668700003000690710003400720AR-CdUCM190425b ||||| |||| 00| 0 spa d aMUNICIPALIDAD PROVINCIAL DEL CUSCOcBIBLIOTECA MUNICIPAL DEL CUSCO aParlante/N°32/1990 aCentro Guamán Poma de Ayala  aParlante :bRevista del Cusco / aCusco :bCentro de Educación y Comunicación Guamán Poma de Ayala,c1990. a12 páginas. :bilustraciones ;c29 cm. aParlante informativo urbano popular.nAño 6, N°32, junio 1990. aContenido: Se instalo asamblea regional. -- La ciudad en la región. -- ¿Por qué ganó el chinito? -- Las habilitaciones urbanas. -- Organizaciones urbano populares. Coche bomba a rechazar la violencia.  aUrbanismo aPlanificación urbana aDesarrollo urbano aCerrillo, CarloseDibujos aCentro Guamán Poma de Ayala